Score 0/21 Timer 03:00
0 Plays Today
% Correct
Cause we got love, cause we got love
88.9%
Cause love is stronger than fire
88.9%
Cause we got love, cause we got love
77.8%
Why do we believe that we need to be somebody else to feel alive?
66.7%
That we are powerless to change things
66.7%
Cause we got love, cause we got love
66.7%
Cause love is stronger than fire
66.7%
Cause love is stronger than fire
66.7%
We got love
66.7%
We got love
66.7%
We got love
66.7%
% Correct
That we are powerless to change things
66.7%
Cause we got love, cause we got love
66.7%
Why do we keep making the same mistakes?
55.6%
To break away
55.6%
Why do we keep going round and round?
55.6%
When we're always fighting over material trivial things in this life, yeah
55.6%
We've only got ourselves to blame
55.6%
That we are powerless to change things
55.6%
Cause we got love, cause we got love
55.6%
Cause we got love, cause we got love, cause we got love
55.6%

You're not logged in!

Compare scores with friends on all Sporcle quizzes.
OR
Log In

Sporcle TV

Today on Sporcle TV


Watch our educational content, quiz creation guides, and fun videos on Sporcle TV.

Show Comments

Extras

Top Quizzes Today


Score Distribution

Paid Content

Your Account Isn't Verified!

In order to create a playlist on Sporcle, you need to verify the email address you used during registration. Go to your Sporcle Settings to finish the process.

Report this User

Report this user for behavior that violates our Community Guidelines.

Details: